International Management (Record no. 177307)

MARC details
000 -LEADER
fixed length control field 00468nam a2200193Ia 4500
008 - FIXED-LENGTH DATA ELEMENTS--GENERAL INFORMATION
fixed length control field 240823s9999||||xx |||||||||||||| ||und||
020 ## - INTERNATIONAL STANDARD BOOK NUMBER
International Standard Book Number 1-4051-3551-4
082 ## - DEWEY DECIMAL CLASSIFICATION NUMBER
-- 658.049 P5
100 ## - MAIN ENTRY--PERSONAL NAME
Personal name "Mead,Richard"
245 #0 - TITLE STATEMENT
Title International Management
250 ## - EDITION STATEMENT
Edition statement 3rd
260 ## - PUBLICATION, DISTRIBUTION, ETC. (IMPRINT)
Date of publication, distribution, etc 2005
Name of publisher, distributor, etc "Blackwell,O"
500 ## - GENERAL NOTE
General note YES
650 ## - SUBJECT ADDED ENTRY--TOPICAL TERM
Topical term or geographic name as entry element International Management
942 ## - ADDED ENTRY ELEMENTS (KOHA)
Item type Books
Holdings
Withdrawn status Lost status Damaged status Permanent location Current location Date acquired Source of acquisition Cost, normal purchase price Full call number Barcode Date last seen Koha item type
      CENTRAL LIBRARY, NOORUL ISLAM CENTRE FOR HIGHER EDUCATION CENTRAL LIBRARY, NOORUL ISLAM CENTRE FOR HIGHER EDUCATION 08/10/2007 Global Book Syndicate 695.00 658.049 P5 30842 08/23/2024 Books
Visitors:
Copyright © 2024 Central Library NICHE.  All rights reserved.